| 000 | 01089cam a22002054a 4500 | ||
|---|---|---|---|
| 005 | 20250605163925.0 | ||
| 008 | 250528s ||||||||||||||||||||||||d | ||
| 035 | _a14518 | ||
| 020 | _a813322138 | ||
| 040 |
_aGR-AtMCL _bgre _dGR-AtMCL _eAACR2 |
||
| 245 | 1 | _aFeminism & Philosophy / Essential Readings in Theory, Reinterpretation, and Application | |
| 260 |
_bWestview Press, _c1995 |
||
| 300 | _a552 | ||
| 520 | _aExcellent and wide ranging examples of both rhetorical and practical discussions of the key issues in contemporary feminist philosophy. Preface, Introduction, Liberal Feminist Perspectives, Marxist Feminist Perspectives, Radical Feminist Perspectives, Psychoanalytic Feminist Perspectives, Socialist Feminist Perspectives, Anarcha Feminist and Ecological Feminist Perspectives, Phenomenological Feminist Perspectives, Postmodern Feminist Perspectives, Perspectives on the Intersections of Race and Class and Gender, About the Book and Editors. | ||
| 700 | 1 |
_aTong Rosemarie _9217 |
|
| 700 | 1 |
_aTuana Nancy _9218 |
|
| 942 | _cBK | ||
| 999 |
_c146 _d146 |
||